Tiempos del farolito : (Record no. 1308)

MARC details
000 -LEADER
campo de control de longitud fija 00742nam a22001937a 4500
008 - DATOS DE LONGITUD FIJA--INFORMACIÓN GENERAL
campo de control de longitud fija 171004s2002 cr||||| |||| 00| 0 spa d
020 ## - NÚMERO INTERNACIONAL ESTÁNDAR DEL LIBRO
Número Internacional Estándar del Libro 97899686810302
082 04 - NÚMERO DE LA CLASIFICACIÓN DECIMAL DEWEY
Número de clasificación 394.206.8
Número de ítem J614t
100 1# - ENTRADA PRINCIPAL--NOMBRE DE PERSONA
Nombre de persona Jiménez Matarrita, Alexander.
9 (RLIN) 1132
245 10 - MENCIÓN DEL TÍTULO
Título Tiempos del farolito :
Resto del título veinte años del Centro Cultural de España en Costa Rica (1992-2012) /
Mención de responsabilidad, etc. Alexander Jiménez Matarrita.
250 ## - MENCION DE EDICION
Mención de edición 1a edición.
260 ## - PUBLICACIÓN, DISTRIBUCIÓN, ETC.
Lugar de publicación, distribución, etc. San José, Costa Rica :
Nombre del editor, distribuidor, etc. Centro Cultural de España,
Fecha de publicación, distribución, etc. 2002.
300 ## - DESCRIPCIÓN FÍSICA
Extensión 204 páginas :
Otras características físicas ilustraciones en color.
653 10 - TÉRMINO DE INDIZACIÓN--NO CONTROLADO
Término no controlado Arte
653 10 - TÉRMINO DE INDIZACIÓN--NO CONTROLADO
Término no controlado Organizaciones culturales - Historia
653 10 - TÉRMINO DE INDIZACIÓN--NO CONTROLADO
Término no controlado Gestión cultural
653 10 - TÉRMINO DE INDIZACIÓN--NO CONTROLADO
Término no controlado Arte costarricense
653 10 - TÉRMINO DE INDIZACIÓN--NO CONTROLADO
Término no controlado Centro Cultural de España en Costa Rica - Historia
Holdings
Estatus retirado Estado de pérdida Fuente del sistema de clasificación o colocación Estado de daño No para préstamo Biblioteca de origen Biblioteca actual Ubicación en estantería Fecha de adquisición Total de préstamos Signatura topográfica completa Código de barras Visto por última vez Precio de reemplazo Tipo de ítem Koha
    Clasificación Decimal Dewey     Biblioteca LadoV Biblioteca LadoV   04/10/2017   394.206.8 J614t 003904 04/10/2017 04/10/2017 Material 01